Penang Mutiara LRT Line Stations - Statistics

General Stats
  • This quiz has been taken 2 times
  • The average score is 4 of 21
Answer Stats
Station Name % Correct
Komtar
100%
Gelugor
50%
Jalan Tengah
50%
Penang International Airport
50%
Permatang Damar Laut
50%
Sungai Nibong
50%
Sungai Pinang
50%
Bandar Sri Pinang
0%
Batu Uban
0%
Bukit Jambul
0%
East Jelutong
0%
FIZ North
0%
FIZ South
0%
Jalan Universiti
0%
Macallum
0%
Penang Sentral
0%
Penang Waterfront
0%
PSR-A
0%
SPICE
0%
Sungai Dua
0%
Sungai Tiram
0%
No matching quizzes found
Score Distribution
Percent of People with Each Score
Percentile by Number Answered
Your Score History
You have not taken this quiz